| 000 | 01653cam a2200385 i 4500 | ||
|---|---|---|---|
| 001 | 21549771 | ||
| 003 | NUST | ||
| 005 | 20240306114914.0 | ||
| 008 | 200602s2021 mau b 001 0 eng | ||
| 010 | _a 2020025447 | ||
| 020 |
_a9780262045728 _q(hardcover) |
||
| 038 | _aMalang Jan | ||
| 040 |
_aDLC _beng _erda _cDLC _dDLC |
||
| 042 | _apcc | ||
| 050 | 0 | 0 |
_aTS171.4 _b.C464 2021 |
| 082 | 0 | 0 |
_a670 _223 _bCHA |
| 100 | 1 |
_aChapman, Jonathan, _d1974- _eauthor. _9121891 |
|
| 245 | 1 | 0 |
_aMeaningful stuff : _bdesign that lasts / _cJonathan Chapman. |
| 264 | 1 |
_aCambridge, Massachusetts : _bThe MIT Press, _c[2021] |
|
| 300 |
_axii, 221 pages ; _c22 cm. |
||
| 336 |
_atext _btxt _2rdacontent |
||
| 337 |
_aunmediated _bn _2rdamedia |
||
| 338 |
_avolume _bnc _2rdacarrier |
||
| 490 | 0 | _aDesign thinking, design theory | |
| 504 | _aIncludes bibliographical references (pages 193-212) and index. | ||
| 505 | 0 | _aMaking and breaking the world -- Cultures of keeping -- Material matters -- Deeper experiencing -- Ageing spectacularly -- Urban mines -- Design that lasts. | |
| 520 |
_a"In a world suffocated by people and things, this book exposes why we throwaway things that still work, and shows how we can design products, services, and experiences that last"-- _cProvided by publisher. |
||
| 650 | 0 | _aProduct design. | |
| 650 | 0 |
_aMaterial culture. _9121840 |
|
| 650 | 0 |
_aCommercial products _xPsychological aspects. _9121892 |
|
| 650 | 0 |
_aWaste minimization. _96410 |
|
| 906 |
_a7 _bcbc _corignew _d1 _eecip _f20 _gy-gencatlg |
||
| 942 |
_2ddc _cBK |
||
| 999 |
_c608575 _d608575 |
||